00327nam a2200145Ia 45000030006000000080041000060400015000471000030000622450016000922500006001082600032001143000006001465460012001520050017001640STCL150530s9999 xx 000 0 und d aSTCLcSTCL aAhuja, B.N.;Chhabra, S.S. aAdvertising a6 bSurjeet; Delhic2009aDelhi a0 aEnglish20220125170616.0